Państwa Unii Europejskiej - Statystyki

Ogólne statystyki
  • Ten quiz został rozwiązany 3 244 razy
  • Średni wynik to 22 z 27
Odpowiedzi na mapie
Odpowiedzi zakodowano w zielono-czerwonej skali na mapie do tego quizu, zgodnie z poniższymi procentami.
 
Statystyki odpowiedzi
odpowiedź % Poprawnych
Polska
98%
Niemcy
96%
Francja
93%
Hiszpania
92%
Czechy
91%
Włochy
90%
Portugalia
89%
Litwa
87%
Słowacja
87%
Belgia
86%
Szwecja
86%
Łotwa
85%
Holandia
84%
Estonia
82%
Austria
81%
Finlandia
80%
Irlandia
77%
Dania
76%
Grecja
76%
Węgry
76%
Chorwacja
75%
Rumunia
74%
Słowenia
74%
Luksemburg
73%
Bułgaria
68%
Malta
56%
Cypr
47%
Nie znaleziono quizów pasujących do podanych kryteriów
Rozkład punktacji
Procent ludzi z każdym wynikiem
Percentyl według liczby udzielonych odpowiedzi
Twoja historia wyników
Nie rozwiązałeś tego quizu